000
00308nam a22001337a 4500
008
170228b xxu||||| |||| 00| 0 eng d
020
_a
9780309074025
041
_a
eng
080
_a
616.8-006
100
_a
6
101
_a
SHM
245
_a
PROVING PALLIATIVE CARE FOR CANCER
_c
LEVINE, A.J
942
_2
udc
_c
BK
999
_c
6417
_d
6417